Narušenie voľného pohybu tovaru a služieb uplatnením minimálnej mzdy v Nemecku
Prípustnosť vnútroštátnej právnej úpravy ustanovujúcej minimálnu mzdu vzhľadom na možné obmedzenie voľného pohybu tovarov a služieb na vnútornom trhu EÚ.
Salvato in:
| Autore principale: | |
|---|---|
| Natura: | Capitolo di libro |
| Lingua: | slovacco |
| Soggetti: | |
| Tags: |
Nessun Tag, puoi essere il primo ad aggiungerne!!
|
MARC
| LEADER | 00000naa a2200000 4500 | ||
|---|---|---|---|
| 001 | 0212009 | ||
| 005 | 20240502073533.3 | ||
| 041 | 0 | |a slo | |
| 044 | |a SK | ||
| 245 | 1 | 0 | |a Narušenie voľného pohybu tovaru a služieb uplatnením minimálnej mzdy v Nemecku |c Zuzana Kittová |
| 520 | |a Prípustnosť vnútroštátnej právnej úpravy ustanovujúcej minimálnu mzdu vzhľadom na možné obmedzenie voľného pohybu tovarov a služieb na vnútornom trhu EÚ. | ||
| 610 | 2 | 0 | |a pohyb tovaru |
| 610 | 2 | 0 | |a trh voľný |
| 610 | 2 | 0 | |a Nemecko |
| 610 | 2 | 0 | |a mzdy minimálne |
| 100 | 1 | |a Kittová, Zuzana, 1975- | |